000 01013nam a2200277Ia 4500
001 ebr10594329
003 CaPaEBR
006 m u
007 cr cn|||||||||
008 111102s2007 at s 000 1 eng d
020 _z9781920882280
020 _z9781922146045
040 _aCaPaEBR
_cCaPaEBR
035 _a(OCoLC)811411206
050 1 4 _aPR9619.4.K66
_bO77 2007eb
100 1 _aKnox, Sara.
245 1 4 _aThe orphan gunner
_h[electronic resource] /
_cSara Knox.
260 _aArtarmon, N.S.W. :
_bGiramondo Publishing,
_c2007.
300 _a374 p.
533 _aElectronic reproduction.
_bPalo Alto, Calif. :
_cebrary,
_d2011.
_nAvailable via World Wide Web.
_nAccess may be limited to ebrary affiliated libraries.
650 0 _aAustralian fiction.
650 0 _aAustralian literature.
655 7 _aElectronic books.
_2local
710 2 _aebrary, Inc.
856 4 0 _uhttp://site.ebrary.com/lib/rucke/Doc?id=10594329
_zAn electronic book accessible through the World Wide Web; click to view
999 _c112622
_d112622